000 00556nam a22001577a 4500
005 20120501110757.0
020 _c00.00
035 _aA-410060
037 _aDPL
_bENG
100 _aGrover, A.N.
_946088
245 _aPress and the law /
_cby A N Grover
260 _aNew Delhi
_bVikas Publishing House
_c1999
300 _aviii, 260p.
_c20 cms.
942 _2ddc
_cEN
_h323.445
_mGRO
999 _c65864
_d65864